Leader xxxxxxxxxx
001 __ PCLIS00046313
005 __ 20220214100045.0
010 0_ |a978-986-89266-0-8|b平裝|dNT$299
042 __ |anbic
100 __ |a20131007d2013 m y0chiy09 e
101 0_ |achi
102 __ |atw
105 __ |aa z 000ay
200 1_ |a千年絆|f簪花司命著|g阿悒繪
205 __ |a初版
210 __ |a[桃園市]|c展夢文創|d2013[民102]
215 0_ |a286面|c圖|d21公分
225 2_ |a簪花司命作品集|v1
410 _0 |12001 |a簪花司命作品集|v1
606 __ |2csh|a中國小說|x長篇
681 __ |a857.7|b8664
681 __ |a857.7|b8664 102
681 __ |a857.7|b8418
700 _0 |a簪花司命|4著
702 _0 |a阿悒|4繪
801 _0 |atw|bNKMU|c20131007|gCCR
801 _1 |atw|b內湖高中|c20131205|gCCR
801 _2 |atw|b內湖高中|c20220214|gCCR
|